Antibiotics and Antimicrobial Resistance Genes in the Environment (Record no. 315877)

MARC details
000 -LEADER
fixed length control field 00421nam a2200133Ia 4500
008 - FIXED-LENGTH DATA ELEMENTS--GENERAL INFORMATION
fixed length control field 230920s9999||||xx |||||||||||||| ||und||
020 ## - INTERNATIONAL STANDARD BOOK NUMBER
International Standard Book Number 9780128188828
100 ## - MAIN ENTRY--PERSONAL NAME
Personal name Hashmi, Muhammad
245 #0 - TITLE STATEMENT
Title Antibiotics and Antimicrobial Resistance Genes in the Environment
260 ## - PUBLICATION, DISTRIBUTION, ETC.
Date of publication, distribution, etc. 2019
Name of publisher, distributor, etc. Elsevier
650 ## - SUBJECT ADDED ENTRY--TOPICAL TERM
Topical term or geographic name entry element Environmental Science 2019
856 ## - ELECTRONIC LOCATION AND ACCESS
Uniform Resource Identifier <a href="https://www.sciencedirect.com/science/book/9780128188828">https://www.sciencedirect.com/science/book/9780128188828</a>
942 ## - ADDED ENTRY ELEMENTS (KOHA)
Koha item type E-BOOKS

No items available.

© Designed and Maintained by Vivekananda Library, MDU Rohtak